Statistics for Top 15 UFC fighters pound-for-pound

Click here to take the quiz!

General Stats

  • This quiz has been taken 1,513 times
  • The average score is 6 of 15

Answer Stats

HintAnswer% Correct
1Jose Aldo
78%
11Conor McGregor
76%
8Daniel Cormier
68%
2Demetrious Johnson
53%
5TJ Dillashaw
42%
3Chris Weidman
41%
6Robbie Lawler
39%
4Ronda Rousey
39%
10Cain Velasquez
35%
7Fabricio Werdum
31%
9Rafael Dos Anjos
28%
13Anthony Pettis
23%
12Frankie Edgar
18%
15Renan Barao
16%
14Joanna Jedrzejczyk
7%

Score Distribution

Percentile by Number Answered

Percent of People with Each Score

Your Score History

You have not taken this quiz